Arctic Monkeys - Statistics

General Stats
  • This quiz has been taken 3,632 times
    3,631 since last reset
  • The average score is 6 of 15
Answer Stats
Hint Answer % Correct
I go crazy cause here isn’t where I wanna be R U Mine?
86%
But I crumble completely when you cry, It seems like once again you've had to greet me with goodbye. 505
81%
And what a scummy man. Just give him half a chance I bet he'll rob you if he can. When The Sun Goes Down
74%
Yeah I'm sorry I was late. Well I missed the train and then the traffic was a state. Mardy Bum
69%
You used to get it in your fishnets. Now you only get it in your night dress. Fluorescent Adolescent
56%
There's a super cool band yeah. With their trilbies and their glasses of white wine Fake Tales of San Francisco
45%
Anticipation has the habit to set you up. For disappointment in evening entertainment but The View From The Afternoon
44%
There's always somebody taller with more of a wit. And he's equipped to enthrall her and her friends think he’s fit Bigger Boys and Stolen Sweethearts
35%
Do you still feel younger than you thought you would by now. Or darling have you started feeling old yet? Love is a Laserquest
32%
Makes my head pirouette. More than I would be willing to confess. Dangerous Animals
27%
I heard the truth was built to bend. A mechanism to suspend the guilt Dance Little Liar
24%
He was a toothpick and the garlic and the cinder upon the pub Nettles
9%
A terrible dilemma and forever he'll regret this day he didn't make the rescue from the bullring. Matador
8%
He knows how to put a cork in the foot and just how to shut up the charming ones of us. Catapult
7%
Well, I don't care about your massage oils. It's got my skin going red. Curtains Close
2%
No matching quizzes found
Score Distribution
Percent of People with Each Score
Percentile by Number Answered
Your Score History
You have not taken this quiz since the last reset